000 00618nam a2200205 a 4500
001 000040486
003 DO-SdBNP
005 20220525101645.0
007 ta
008 130826s2012 dr a 000 0 spa d
020 _a9789945472134
040 _aDO-SdBNP
_bspa
_cBNPHU
082 4 _222
100 1 _aStefan Álvarez, Edgar
_966792
245 1 0 _aMateriales de construcción :
_bprácticas de laboratorio /
_cEdgar Stefan Álvarez.
260 _aSanto Domingo :
_bInstituto Tecnológico de Santo Domingo (INTEC),
_c2012.
300 _a66 p. :
_bil. ;
_c29 cm.
590 _aInventariado, 2022/BT
942 _2ddc
_cLBS1
999 _c39976
_d39976